| 000 | 00581nam a2200205Ia 4500 | ||
|---|---|---|---|
| 999 |
_c64470 _d64470 |
||
| 003 | GCL | ||
| 005 | 20240530110733.0 | ||
| 008 | 140319s9999 xx 000 0 ara d | ||
| 040 |
_aGCL / _cGCL |
||
| 082 | 0 | 4 |
_a191 _bب ح |
| 100 | 1 | _aبرديائف، نيكولاس | |
| 245 | 1 | 0 |
_aالحلم والواقع / _cفؤاد كامل |
| 300 |
_a323 ص. ؛ _c24 سم. |
||
| 490 |
_aنصوص فلسفية _v0 |
||
| 650 | 0 | 4 | _aالتراجم الذاتية |
| 650 | 0 | 4 | _aنيكولاس, برديائف |
| 700 | 1 | _aعلى ادهم | |
| 700 | 1 | _aفؤاد كامل | |
| 942 |
_2ddc _cBK |
||